000 00748cam a22002533a 4500
001 50395
005 20230411090002.0
008 070626s2007 xx 000 0 spa d
035 _a(OCoLC)ocn156817494
040 _aBTCTA
_cBTCTA
_dYDXCP
_dBAKER
020 _a9788483464083
020 _a848346408X
035 _a(OCoLC)156817494
049 _aGRAL
245 0 0 _aDemocracia Y Extrema Derecha En Francia.
260 _bDebolsillo
_c2007.
300 _a494 p. :
_bil. ;
_c20 cm.
720 _aGallego, Ferran
938 _aBaker and Taylor
_bBTCP
_nBK0007327324
938 _aYBP Library Services
_bYANK
_n2670626
938 _aBaker & Taylor
_bBKTY
_c19.95
_d19.95
_i848346408X
_n0007327324
_sactive
942 _2lcc
_cbk
994 _aC0
_bDRFGD
999 _c110438
_d110438